[Event "31st Roquetas de Mar Open 2020"]
[Site "Roquetas de Mar"]
[Date "2020.01.06"]
[Round "8.4"]
[White "Sadzikowski, Daniel"]
[Black "Maiorov, Nikita"]
[Result "1-0"]
[WhiteElo "2501"]
[BlackElo "2519"]
[Annotator "TA"]
[PlyCount "33"]
[EventDate "2020.01.02"]
[EventType "swiss"]
[EventCountry "ESP"]
[SourceTitle "playchess.com"]
[Source "ChessBase"]
[SourceQuality "1"]

{[%evp 13,143,14,18,15,29,21,17,21,25,20,38,41,44,27,57,12,68,0,10,14,18,0,4,0,2,6,0,-14,10,11,10,6,12,11,10,14,10,6,8,8,32,32,32,32,36,44,48,43,43,42,42,45,47,34,34,27,33,18,32,39,35,36,36,27,40,40,40,40,47,47,47,47,47,47,47,47,47,45,43,35,37,30,31,17,17,17,22,17,50,50,50,50,77,76,75,78,164,157,169,169,235,139,212,222,273,235,235,235,281,234,353,227,409,403,382,227,227,220,339,327,372,354,480,314,318,270,1550,1516,2885,4134,29979,964]} 1. d4 Nf6 2. c4 e6 3. g3 Bb4+ 4. Nd2 O-O 5. Bg2 d5 6. Ngf3 b6 7. O-O Bb7 8. b3 {E16: Queen's Indian: 4 g3 Bb7 5 Bg2 Bb4+} Be7 9. Bb2 c5 10. dxc5 {The position is equal.} bxc5 11. Ne5 Qb6 12. cxd5 exd5 13. Rc1 a5 14. Nb1 Ne4 ({Black should play} 14... a4 $11) 15. Nc3 (15. e3 $14) 15... Nxc3 $11 16. Bxc3 d4 17. Bxb7 {Played: Bc3xa5} 1-0

[Event "31st Roquetas de Mar Open 2020"]
[Site "Roquetas de Mar"]
[Date "2020.01.06"]
[Round "8.5"]
[White "Lu, Shanglei"]
[Black "Marin, Mihail"]
[Result "1-0"]
[WhiteElo "2611"]
[BlackElo "2496"]
[Annotator "TA"]
[PlyCount "93"]
[EventDate "2020.01.02"]
[EventType "swiss"]
[EventCountry "ESP"]
[SourceTitle "playchess.com"]
[Source "ChessBase"]
[SourceQuality "1"]

{[%evp 9,93,23,28,17,20,20,30,22,22,26,38,37,32,36,64,14,8,8,11,10,11,11,14,11,53,37,38,37,44,0,19,11,75,64,142,73,131,81,152,127,214,149,150,159,231,229,307,318,468,463,438,442,508,497,529,516,1197,1122,1341,1334,1291,1183,1056,859,850,854,819,814,689,587,718,703,1210,1241,1098,1062,960,871,29969,29971,29980,29981,29991,29992,29992,29993]} 1. e4 e6 2. d4 d5 3. Nc3 Bb4 4. e5 b6 5. h4 (5. Qg4 Bf8 6. Be3 Ba6 7. Bxa6 Nxa6 8. Nge2 Nb4 9. Rc1 Ne7 10. a3 Nbc6 11. Ng3 Qd7 12. O-O O-O-O 13. a4 Kb7 14. Ra1 {0-1 (50) Najer,E (2663)-Antipov,M (2593) Moscow 2018}) 5... Ne7 6. h5 $146 {C16: French: 3 Nc3 Bb4 4 e5: Lines without ...c5} ({Predecessor:} 6. a3 Bxc3+ 7. bxc3 Ba6 8. Bxa6 Nxa6 9. h5 h6 10. Ne2 c5 11. Ng3 O-O 12. O-O Rc8 13. Bd2 Qd7 14. a4 Nb8 15. Be3 cxd4 16. cxd4 {½-½ (68) Kosteniuk,A (2537)-Chigaev,M (2551) Sochi 2016}) 6... h6 7. Qg4 Kf8 8. Nf3 {White has an edge.} c5 9. Bd2 Ba6 10. Bxa6 Nxa6 11. Qf4 Qd7 12. a4 Bxc3 13. Bxc3 Rc8 14. O-O Kg8 15. Qd2 Nc6 16. Qe2 $36 {[%mdl 2048] White is pushing.} Nc7 17. a5 c4 18. axb6 axb6 19. Nh4 Kh7 20. f4 g6 (20... Nb5 $11) 21. Rf3 $16 Rhg8 (21... Nb5 $14) 22. Raf1 (22. hxg6+ $142 fxg6 23. Qe3) 22... Rcf8 ({Avoid the trap} 22... gxh5 $2 23. f5 $18) (22... Nb5 $142 23. hxg6+ fxg6) 23. Qe3 Qe7 (23... Nb5 $142) 24. Be1 Ne8 (24... Rg7 $16) 25. hxg6+ fxg6 26. g4 Nd8 (26... g5 $16 {was called for.} 27. fxg5 hxg5) 27. Kh1 $18 Ng7 28. Rh3 {[#] aiming for Nxg6!} g5 (28... Nf7 {keeps fighting.} 29. Nf3 Ra8) 29. f5 exf5 30. Nxf5 Nxf5 31. gxf5 Qg7 32. Kg2 g4 (32... Rf7 $142 33. Bd2 Re8) 33. Rh5 Nf7 34. Bh4 Re8 35. Rh1 g3 36. Qf4 Qg4 37. Qxg4 Rxg4 38. e6 Kg7 39. f6+ {[%mdl 64] [#] Discovered Attack} Kg6 40. exf7 Kxf7 41. Rxh6 Re2+ 42. Kf3 g2 43. Rg1 Rge4 44. Bf2 {White mates.} Rxc2 45. Rxg2 Rxb2 46. Rg7+ Ke6 47. f7+ {Accuracy: White = 67%, Black = 33%.} 1-0

[Event "31st Roquetas de Mar Open 2020"]
[Site "Roquetas de Mar"]
[Date "2020.01.06"]
[Round "8.6"]
[White "Vazquez Igarza, Renier"]
[Black "Raja Harshit"]
[Result "1-0"]
[WhiteElo "2552"]
[BlackElo "2482"]
[Annotator "RC"]
[PlyCount "55"]
[EventDate "2020.01.02"]
[EventType "swiss"]
[EventCountry "ESP"]
[SourceTitle "playchess.com"]
[Source "ChessBase"]
[SourceQuality "1"]
[TimeControl "5400+30"]

1. d4 {[%emt 0:06:19]} Nf6 {[%emt 0:00:07]} 2. c4 {[%emt 0:00:07]} e6 {[%emt 0:00:04]} 3. Nf3 {[%emt 0:00:09]} d5 {[%emt 0:00:12]} 4. cxd5 {[%emt 0:04:34]} exd5 {[%emt 0:00:33]} 5. Bg5 {[%emt 0:00:08]} h6 {[%emt 0:05:42]} 6. Bh4 {[%emt 0:01:54]} g5 {[%emt 0:05:11]} 7. Bg3 {[%emt 0:00:14]} Ne4 {[%emt 0:00:17]} 8. Nfd2 {[%emt 0:01:59]} Bg7 {[%emt 0:13:43]} 9. Nxe4 {[%emt 0:10:41]} dxe4 {[%emt 0:00:02]} 10. Nc3 {[%emt 0:00:01]} O-O {[%emt 0:10:24]} 11. h4 {[%emt 0:00:55]} Bf5 {[%emt 0:09:20]} 12. hxg5 {[%emt 0:00:57]} hxg5 {[%emt 0:00:51]} 13. e3 {[%emt 0:00:40]} Nd7 {[%emt 0:03:51]} 14. Bc4 {[%emt 0:15:10]} Bg6 {[%emt 0:07:49]} 15. Qg4 {[%emt 0:09:59]} c5 {[%emt 0:03:55]} 16. Bf4 {[%emt 0:05:50]} cxd4 {[%emt 0:07:19]} 17. exd4 {[%emt 0:01:22]} Nb6 {[%emt 0:20:41]} 18. Bxg5 {[%emt 0:07:16]} Qxd4 {[%emt 0:01:42]} 19. Bb3 {[%emt 0:01:23]} Qc5 {[%emt 0:05:16]} 20. Be7 {[%emt 0:08:50]} Qxe7 {[%emt 0:02:15]} 21. Qxg6 {[%emt 0:00:09]} Rfe8 {[%emt 0:00:17]} 22. Bxf7+ {[%emt 0:00:42]} Qxf7 {[%emt 0:00:36]} 23. Rh8+ {[%emt 0:00:07]} Kxh8 {[%emt 0:00:11]} 24. Qxf7 {[%emt 0:00:02]} Rf8 {[%emt 0:00:49]} 25. Qh5+ {[%emt 0:01:56]} Kg8 {[%emt 0:00:05]} 26. Ke2 {[%emt 0:03:19]} Rf6 {[%emt 0:00:57]} 27. Rd1 {[%emt 0:02:17]} Re6 {[%emt 0:00:40]} 28. Qg5 {[%emt 0:01:08]} 1-0

[Event "31st Roquetas de Mar Open 2020"]
[Site "Roquetas de Mar"]
[Date "2020.01.06"]
[Round "8.7"]
[White "Real De Azua, Ernesto"]
[Black "Lopez Martinez, Josep Manuel"]
[Result "0-1"]
[WhiteElo "2456"]
[BlackElo "2545"]
[Annotator "TA"]
[PlyCount "230"]
[EventDate "2020.01.02"]
[EventType "swiss"]
[EventCountry "ESP"]
[SourceTitle "playchess.com"]
[Source "ChessBase"]
[SourceQuality "1"]

{[%evp 14,230,22,14,35,29,29,19,78,72,56,22,25,20,45,22,14,8,22,22,22,22,16,5,5,6,0,0,3,0,5,0,6,-7,-11,-11,0,-30,-29,-39,-30,-45,-38,-50,-52,-56,-45,-52,-52,-52,-44,-68,-47,-66,-50,-79,6,-55,-48,-79,-82,-92,-72,-87,-91,-77,-91,-74,-83,-97,-77,-87,-88,-105,-92,-140,-83,-143,-134,-132,-84,-61,-79,-202,-202,-277,-254,-259,-258,-4718,-3835,-955,-260,-251,-199,-210,-210,-233,-230,-223,-114,-129,-133,-225,-109,-108,-101,-141,-108,-139,-138,-318,-318,-298,-275,-275,-261,-324,-122,-203,0,-283,-103,-214,0,-273,-217,-460,-51,-130,-40,-41,-35,-44,-8,-15,-8,-8,-8,-8,-8,-40,-54,-70,-70,-70,-54,-70,-70,-70,-70,-100,-96,-103,-105,-98,-102,-93,-93,-104,-116,-118,-118,-127,-130,-137,-137,-189,-185,-310,-300,-322,-298,-277,-277,-470,-448,-463,-188,-188,-183,-191,-188,-361,-225,-389,-366,-431,-447,-415,-336,-317,-122,-147,0,-450,-421,-454,-446,-616,-616,-616,-609,-537,-459,-451,-421,-495,-495,-29973,-29974,-29983,-29984,-29988,-29989,-29989,-29990,-29991,-29992]} 1. Nf3 g6 2. e4 Bg7 3. d4 d6 4. Nc3 Nf6 5. h3 O-O 6. Be3 a6 7. a4 Nc6 8. Be2 e6 {B08: Pirc Defence: Classical System} 9. Qd2 (9. O-O b6 10. d5 exd5 11. exd5 Ne7 12. Bc4 Bb7 13. Qd2 Nf5 14. Bf4 Qd7 15. Rfe1 Rfe8 16. Rxe8+ Rxe8 17. Re1 Rxe1+ 18. Qxe1 {½-½ (63) Caruana,F (2799)-Grischuk,A (2782) Saint Louis 2017}) 9... b6 10. Bh6 e5 (10... Bb7 $11 {keeps the balance.}) 11. Bxg7 $16 Kxg7 12. O-O $146 ({Predecessor:} 12. O-O-O Qe8 13. Kb1 Nb4 14. Bc4 Bd7 15. Bb3 a5 16. g4 {0-1 (41) Hilge,A-Merkert,M (2177) Germany 2014}) 12... Bb7 13. Rfe1 Re8 14. Bf1 (14. d5 {feels hotter.} Ne7 15. Rad1 h6 16. Rf1 Bc8 17. Nh2) 14... exd4 15. Nxd4 Nxd4 16. Qxd4 Qe7 17. Rad1 Rad8 18. Re3 Qe5 19. Qxe5 Rxe5 20. f3 Rde8 21. Red3 g5 22. R3d2 h5 23. Kf2 h4 24. Bc4 Rc5 25. Bb3 a5 26. Kg1 Ree5 27. Rd4 Nh5 28. Rc4 Nf4 29. Rxc5 Rxc5 30. Rd2 f5 31. exf5 Rxf5 32. Bc4 Rc5 33. Bf1 Kf6 34. Nb5 d5 (34... Ke5 $17) 35. c3 (35. Nd4 $11) 35... Ba6 36. Rd1 Bxb5 37. Bxb5 $17 {[%mdl 4096] Endgame KRB-KRN} c6 38. Bf1 Ne6 $1 39. Bd3 d4 40. cxd4 Nxd4 41. Kf2 Ne6 42. Be4 Rc4 43. b3 Rc3 44. Rd6 Rxb3 (44... Ke5 $142 $1 {[%cal Re5d6]} 45. Rxc6 Rxb3) 45. Rxc6 ({White should try} 45. Bxc6 Ke5 46. Rd2) 45... Ke5 $1 46. g3 Rb2+ 47. Rc2 Rb4 48. gxh4 (48. Ra2 $17 {was called for.}) 48... gxh4 $19 49. Bc6 Nd4 50. Rc3 Kf4 51. Bd7 $2 (51. Bd5) 51... Rb2+ 52. Kf1 Nxf3 $2 (52... Kg3 {( -> ...Rb1+)} 53. Ke1 Nxf3+ 54. Rxf3+ Kxf3) 53. Rc4+ Ke5 {aiming for ...Nd2+.} 54. Rc6 Nd2+ 55. Ke1 Ne4 56. Rh6 Nf6 (56... Rb1+ $19 57. Ke2 Rb4) 57. Bc6 Rb4 58. Kd2 (58. Bb5 $17) 58... Rc4 (58... Ne4+ $19 59. Bxe4 Rxe4 60. Rxb6 Rxa4) 59. Bb5 $17 Rf4 60. Rh8 Rd4+ 61. Ke2 Nd5 62. Rh5+ $2 (62. Re8+ $17 Kd6 63. Rc8) 62... Kd6 $1 $19 63. Kf3 Rf4+ 64. Ke2 Kc5 65. Rh6 Rb4 $2 (65... Rd4 $19 {is more deadly. Threatens to win with ...Nc3+.} 66. Rh5 Kb4) 66. Kf3 (66. Rc6+ $17 Kd4 67. Kd2) 66... Rf4+ 67. Ke2 Kd4 $2 (67... Rd4 $19 {and Black stays clearly on top. White must now prevent ...Nc3+.} 68. Kf3 Nc3 69. Rc6+ Kb4 70. Rxb6 Nxb5 71. axb5 a4) 68. Rd6 {[#]} (68. Kd2 $17 {was necessary.}) 68... Kc5 $2 (68... Rf6 $1 $19 {[%cal Rf6d6]} 69. Rd8 Ke5) 69. Rc6+ $2 {[%mdl 8192]} (69. Rh6 $1 $11) 69... Kb4 70. Rd6 $2 (70. Kd2) 70... Rf5 $2 (70... Nc3+ $19 71. Ke3 Nxb5 72. Rxb6 {[%mdl 64] Pin} Rf5 73. axb5 a4) 71. Kd3 (71. Kd2 $15) 71... Rg5 (71... Nc3 $17 72. Rd4+ Kb3 73. Bc4+ Kb2) 72. Bd7 $15 Ka3 73. Kd4 Nb4 74. Bb5 Rg3 75. Rxb6 Rxh3 76. Rf6 Rg3 77. Rh6 Rg4+ 78. Kc5 Na2 79. Bd7 Rf4 80. Re6 Nc3 81. Re3 Kb2 82. Rh3 Rb4 83. Rh2+ Kb3 84. Be6+ {[#]} Ka3 $1 85. Rh3 Kb2 86. Rh2+ Kc1 87. Rh1+ Kd2 88. Rh2+ Ke1 89. Rh1+ Kf2 90. Ra1 (90. Kc6 $17 {might work better.}) 90... Nxa4+ $19 91. Kd5 (91. Kd6 $142) 91... Nc3+ 92. Kc5 Ne4+ 93. Kd5 a4 94. Ra2+ $2 (94. Ra3 {is a better defense.}) 94... Kg3 {Hoping for ...Nc3+.} 95. Ra3+ Kg2 (95... Rb3 $142 96. Rxa4 Nf2) 96. Ke5 Nc5 97. Bd5+ Kf2 98. Rc3 $2 (98. Bc6) 98... Nb3 99. Rc2+ $2 (99. Rh3) 99... Ke3 100. Rh2 Nc5 101. Rh3+ Ke2 102. Rh2+ Kf1 $2 (102... Ke1 $19 {Strongly threatening ...Nd3+.} 103. Kf5 Nd3) 103. Rh3 $17 Kf2 ({Black should play} 103... Nd7+ $17 104. Kf5 Nc5 105. Rh1+ Kf2) 104. Kd6 $2 {[%mdl 8192]} (104. Rc3 $11 {and White has nothing to worry.}) 104... Ne4+ $19 105. Ke5 Ng5 106. Rh2+ Ke3 107. Ra2 {and the idea Ra3+ leaves White hopeful.} Nf3+ 108. Kd6 {intending Ra3+.} Nd2 109. Be6 Rd4+ 110. Kc6 Ne4 111. Ra3+ (111. Bf5 $19 Nc3 112. Ra3 Rc4+ 113. Kd7) 111... Rd3 {Black mates.} 112. Rxd3+ Kxd3 113. Kb5 a3 114. Kb4 {[#]} h3 $1 115. Bc4+ (115. Bxh3 a2) 115... Kd4 {Accuracy: White = 35%, Black = 53%.} 0-1

[Event "31st Roquetas de Mar Open 2020"]
[Site "Roquetas de Mar"]
[Date "2020.01.06"]
[Round "8.8"]
[White "Low, Zhen Yu Cyrus"]
[Black "Krysa, Leandro"]
[Result "1/2-1/2"]
[WhiteElo "2415"]
[BlackElo "2522"]
[Annotator "RC"]
[PlyCount "72"]
[EventDate "2020.01.02"]
[EventType "swiss"]
[EventCountry "ESP"]
[SourceTitle "playchess.com"]
[Source "ChessBase"]
[SourceQuality "1"]
[TimeControl "5400+30"]

1. e4 {[%emt 0:00:00]} e5 {[%emt 0:00:00]} 2. Nf3 {[%emt 0:00:00]} Nc6 {[%emt 0:00:00]} 3. Bc4 {[%emt 0:00:00]} Bc5 {[%emt 0:00:00]} 4. c3 {[%emt 0:00:09]} Nf6 {[%emt 0:00:00]} 5. d4 {[%emt 0:00:04]} exd4 {[%emt 0:00:10]} 6. e5 {[%emt 0:00:06]} d5 {[%emt 0:00:22]} 7. Bb5 {[%emt 0:00:07]} Ne4 {[%emt 0:00:18]} 8. cxd4 {[%emt 0:00:07]} Bb6 {[%emt 0:00:47]} 9. Nc3 {[%emt 0:00:13]} O-O {[%emt 0:00:39]} 10. Be3 {[%emt 0:00:07]} Bd7 {[%emt 0:03:23]} 11. Qb3 {[%emt 0:00:21]} Nxc3 {[%emt 0:05:08]} 12. bxc3 {[%emt 0:00:19]} Na5 {[%emt 0:01:06]} 13. Qa4 {[%emt 0:02:31]} Bxb5 {[%emt 0:01:01]} 14. Qxb5 {[%emt 0:01:41]} Nc4 {[%emt 0:00:03]} 15. O-O {[%emt 0:04:52]} c6 {[%emt 0:02:52]} 16. Qb1 {[%emt 0:01:46]} Nxe3 {[%emt 0:03:21]} 17. fxe3 {[%emt 0:00:14]} f6 {[%emt 0:00:04]} 18. Qd3 {[%emt 0:07:10]} Bc7 {[%emt 0:21:58]} 19. exf6 {[%emt 0:16:16]} Qxf6 {[%emt 0:01:39]} 20. Rab1 {[%emt 0:00:19]} b5 {[%emt 0:09:01]} 21. Rbe1 {[%emt 0:13:17]} Rae8 {[%emt 0:01:47]} 22. e4 {[%emt 0:00:15]} Qg6 {[%emt 0:02:16]} 23. Ne5 {[%emt 0:06:43]} Rxf1+ {[%emt 0:08:12]} 24. Qxf1 {[%emt 0:00:08]} Bxe5 {[%emt 0:00:07]} 25. dxe5 {[%emt 0:00:07]} Rxe5 {[%emt 0:04:50]} 26. exd5 {[%emt 0:01:04]} Rxd5 {[%emt 0:12:39]} 27. c4 {[%emt 0:07:29]} bxc4 {[%emt 0:06:51]} 28. Qxc4 {[%emt 0:00:14]} h6 {[%emt 0:00:06]} 29. h3 {[%emt 0:02:28]} Kh7 {[%emt 0:00:23]} 30. Rc1 {[%emt 0:00:49]} Rd6 {[%emt 0:07:41]} 31. Qc5 {[%emt 0:00:52]} a6 {[%emt 0:01:23]} 32. Qc2 {[%emt 0:00:54]} Qxc2 {[%emt 0:03:17]} 33. Rxc2 {[%emt 0:00:02]} Kg6 {[%emt 0:00:35]} 34. Rc5 {[%emt 0:00:05]} Kf6 {[%emt 0:00:24]} 35. Ra5 {[%emt 0:00:08]} Ke6 {[%emt 0:00:33]} 36. Kh2 {[%emt 0:00:49]} g5 {[%emt 0:02:37]} 1/2-1/2

[Event "31st Roquetas de Mar Open 2020"]
[Site "Roquetas de Mar"]
[Date "2020.01.06"]
[Round "8.9"]
[White "Shariyazdanov, Andrey"]
[Black "Wieczorek, Oskar"]
[Result "1/2-1/2"]
[WhiteElo "2519"]
[BlackElo "2490"]
[Annotator "ChessBase"]
[PlyCount "139"]
[EventDate "2020.01.02"]
[EventType "swiss"]
[EventCountry "ESP"]
[SourceTitle "playchess.com"]
[Source "ChessBase"]
[SourceQuality "1"]
[TimeControl "5400+30"]

1. c4 {[%emt 0:01:28]} Nf6 {[%emt 0:00:12]} 2. Nc3 {[%emt 0:00:13]} g6 {[%emt 0:00:07]} 3. e4 {[%emt 0:00:10]} d6 {[%emt 0:00:02]} 4. d4 {[%emt 0:00:11]} Bg7 {[%emt 0:00:02]} 5. Be2 {[%emt 0:00:09]} O-O {[%emt 0:00:04]} 6. Nf3 {[%emt 0:00:09]} e5 {[%emt 0:00:02]} 7. O-O {[%emt 0:00:13]} Nc6 {[%emt 0:00:03]} 8. d5 {[%emt 0:00:07]} Ne7 {[%emt 0:00:03]} 9. Ne1 {[%emt 0:00:15]} Nd7 {[%emt 0:00:11]} 10. Nd3 {[%emt 0:00:11]} f5 {[%emt 0:00:10]} 11. Bd2 {[%emt 0:00:09]} Nf6 {[%emt 0:00:10]} 12. f3 {[%emt 0:00:08]} f4 {[%emt 0:00:08]} 13. c5 {[%emt 0:00:23]} g5 {[%emt 0:00:17]} 14. Rc1 {[%emt 0:00:37]} Ng6 {[%emt 0:00:11]} 15. cxd6 {[%emt 0:00:10]} cxd6 {[%emt 0:00:07]} 16. Nf2 {[%emt 0:00:08]} Rf7 {[%emt 0:06:07]} 17. Qb3 {[%emt 0:04:51]} h5 {[%emt 0:09:49]} 18. h3 {[%emt 0:00:10]} Bf8 {[%emt 0:02:45]} 19. Rc2 {[%emt 0:05:20]} a6 {[%emt 0:46:20]} 20. Rfc1 {[%emt 0:01:50]} Nh4 {[%emt 0:03:23]} 21. Be1 {[%emt 0:02:52]} Bd7 {[%emt 0:06:38]} 22. Ncd1 {[%emt 0:04:15]} Ne8 {[%emt 0:04:58]} 23. Rc3 {[%emt 0:08:18]} Rg7 {[%emt 0:01:15]} 24. Kf1 {[%emt 0:03:47]} b5 {[%emt 0:02:36]} 25. Rc6 {[%emt 0:06:28]} Kh8 {[%emt 0:03:35]} 26. Nd3 {[%emt 0:06:13]} Bxc6 {[%emt 0:09:29]} 27. dxc6 {[%emt 0:01:03]} Ng6 {[%emt 0:00:05]} 28. Nc3 {[%emt 0:03:53]} Ne7 {[%emt 0:02:10]} 29. Nd5 {[%emt 0:01:07]} Nxd5 {[%emt 0:01:44]} 30. exd5 {[%emt 0:00:53]} Nf6 {[%emt 0:00:20]} 31. Nf2 {[%emt 0:00:48]} Qb6 {[%emt 0:00:29]} 32. Bd3 {[%emt 0:13:39]} Be7 {[%emt 0:01:29]} 33. Ne4 {[%emt 0:01:47]} Nxe4 {[%emt 0:00:23]} 34. Bxe4 {[%emt 0:00:07]} Bd8 {[%emt 0:00:27]} 35. Qc2 {[%emt 0:03:15]} Qa7 {[%emt 0:00:26]} 36. Bg6 {[%emt 0:02:59]} Qd4 {[%emt 0:01:01]} 37. Rd1 {[%emt 0:01:32]} Qc4+ {[%emt 0:00:18]} 38. Qxc4 {[%emt 0:00:15]} bxc4 {[%emt 0:00:04]} 39. Bxh5 {[%emt 0:00:05]} Rb8 {[%emt 0:00:27]} 40. Bc3 {[%emt 0:00:22]} Kg8 {[%emt 0:00:42]} 41. Bg4 {[%emt 0:00:18]} Kf8 {[%emt 0:00:25]} 42. Ke2 {[%emt 0:03:22]} Bb6 {[%emt 0:00:56]} 43. Kd2 {[%emt 0:01:03]} Ke7 {[%emt 0:00:31]} 44. Kc2 {[%emt 0:00:23]} Bc7 {[%emt 0:00:26]} 45. a4 {[%emt 0:03:07]} Bb6 {[%emt 0:00:50]} 46. Re1 {[%emt 0:00:55]} Kd8 {[%emt 0:00:19]} 47. Re4 {[%emt 0:00:19]} a5 {[%emt 0:00:29]} 48. Rxc4 {[%emt 0:00:24]} Ra7 {[%emt 0:00:19]} 49. Bf5 {[%emt 0:03:48]} Kc7 {[%emt 0:00:23]} 50. Bd3 {[%emt 0:00:28]} Re8 {[%emt 0:00:08]} 51. Re4 {[%emt 0:00:13]} Bc5 {[%emt 0:00:14]} 52. Bb5 {[%emt 0:00:22]} Raa8 {[%emt 0:00:14]} 53. Kd3 {[%emt 0:00:24]} Bb6 {[%emt 0:00:29]} 54. Re1 {[%emt 0:00:56]} Bd4 {[%emt 0:00:40]} 55. b4 {[%emt 0:09:15]} Bxc3 {[%emt 0:01:45]} 56. Kxc3 {[%emt 0:00:05]} axb4+ {[%emt 0:00:14]} 57. Kxb4 {[%emt 0:00:09]} Reb8 {[%emt 0:00:25]} 58. a5 {[%emt 0:01:13]} Ra7 {[%emt 0:00:36]} 59. Ra1 {[%emt 0:00:59]} Re8 {[%emt 0:00:31]} 60. Bd3 {[%emt 0:01:35]} Rb8+ {[%emt 0:00:11]} 61. Kc3 {[%emt 0:00:32]} Rba8 {[%emt 0:00:58]} 62. a6 {[%emt 0:02:07]} Rb8 {[%emt 0:00:08]} 63. Rg1 {[%emt 0:00:43]} Rh8 {[%emt 0:00:23]} 64. Rb1 {[%emt 0:00:50]} Rb8 {[%emt 0:00:24]} 65. Rxb8 {[%emt 0:01:16]} Kxb8 {[%emt 0:00:05]} 66. Kb4 {[%emt 0:00:02]} Kc7 {[%emt 0:00:50]} 67. Ka5 {[%emt 0:00:16]} Ra8 {[%emt 0:00:09]} 68. Be4 {[%emt 0:03:51]} Ra7 {[%emt 0:00:25]} 69. Bd3 {[%emt 0:01:04]} Ra8 {[%emt 0:00:06]} 70. Be4 1/2-1/2

[Event "31st Roquetas de Mar Open 2020"]
[Site "Roquetas de Mar"]
[Date "2020.01.06"]
[Round "8.10"]
[White "Rajarishi Karthi"]
[Black "Klekowski, Maciej"]
[Result "1-0"]
[WhiteElo "2103"]
[BlackElo "2515"]
[Annotator "RC"]
[PlyCount "77"]
[EventDate "2020.01.02"]
[EventType "swiss"]
[EventCountry "ESP"]
[SourceTitle "playchess.com"]
[Source "ChessBase"]
[SourceQuality "1"]
[TimeControl "5400+30"]

1. d4 {[%emt 0:06:48]} Nf6 {[%emt 0:00:00]} 2. c4 {[%emt 0:00:39]} e6 {[%emt 0:00:00]} 3. Nc3 {[%emt 0:00:11]} Bb4 {[%emt 0:00:11]} 4. f3 {[%emt 0:00:22]} c5 {[%emt 0:00:59]} 5. a3 {[%emt 0:01:12]} Bxc3+ {[%emt 0:02:14]} 6. bxc3 {[%emt 0:00:11]} O-O {[%emt 0:03:48]} 7. e4 {[%emt 0:00:29]} d6 {[%emt 0:01:01]} 8. Bd3 {[%emt 0:00:48]} Nc6 {[%emt 0:04:44]} 9. Ne2 {[%emt 0:01:53]} e5 {[%emt 0:05:46]} 10. O-O {[%emt 0:01:57]} Re8 {[%emt 0:10:18]} 11. d5 {[%emt 0:01:03]} Na5 {[%emt 0:00:56]} 12. Ng3 {[%emt 0:00:11]} h6 {[%emt 0:13:41]} 13. f4 {[%emt 0:02:01]} exf4 {[%emt 0:00:15]} 14. Bxf4 {[%emt 0:00:15]} Ng4 {[%emt 0:10:44]} 15. Ra2 {[%emt 0:02:01]} Ne5 {[%emt 0:02:02]} 16. Raf2 {[%emt 0:03:09]} f6 {[%emt 0:02:52]} 17. h3 {[%emt 0:06:00]} Qe7 {[%emt 0:05:03]} 18. Nh5 {[%emt 0:01:55]} Rf8 {[%emt 0:00:11]} 19. Bxh6 {[%emt 0:04:46]} gxh6 {[%emt 0:06:36]} 20. Nxf6+ {[%emt 0:00:10]} Kh8 {[%emt 0:01:10]} 21. Qh5 {[%emt 0:00:12]} Qg7 {[%emt 0:00:10]} 22. Ne8 {[%emt 0:00:26]} Rxf2 {[%emt 0:00:10]} 23. Rxf2 {[%emt 0:02:05]} Qg5 {[%emt 0:02:19]} 24. Rf8+ {[%emt 0:01:12]} Kh7 {[%emt 0:00:04]} 25. Nf6+ {[%emt 0:01:57]} Kg7 {[%emt 0:00:05]} 26. Rg8+ {[%emt 0:00:11]} Kxf6 {[%emt 0:00:04]} 27. Rxg5 {[%emt 0:00:04]} hxg5 {[%emt 0:00:03]} 28. Qh6+ {[%emt 0:00:06]} Kf7 {[%emt 0:00:41]} 29. Be2 {[%emt 0:00:16]} Naxc4 {[%emt 0:00:12]} 30. Qxg5 {[%emt 0:02:20]} Bd7 {[%emt 0:01:26]} 31. Bh5+ {[%emt 0:00:11]} Kf8 {[%emt 0:00:05]} 32. h4 {[%emt 0:00:08]} Nf7 {[%emt 0:09:42]} 33. Qf6 {[%emt 0:00:29]} Nce5 {[%emt 0:00:04]} 34. Bxf7 {[%emt 0:00:17]} Nxf7 {[%emt 0:00:04]} 35. h5 {[%emt 0:00:07]} Re8 {[%emt 0:00:14]} 36. h6 {[%emt 0:00:52]} Re5 {[%emt 0:00:03]} 37. Qg7+ {[%emt 0:02:15]} Ke8 {[%emt 0:00:09]} 38. h7 {[%emt 0:00:08]} Rh5 {[%emt 0:00:07]} 39. g4 {[%emt 0:00:28]} 1-0

[Event "31st Roquetas de Mar Open 2020"]
[Site "Roquetas de Mar"]
[Date "2020.01.06"]
[Round "8.11"]
[White "Mieles Palau, Daniel"]
[Black "Espinosa Aranda, Angel"]
[Result "0-1"]
[WhiteElo "2374"]
[BlackElo "2504"]
[Annotator "RC"]
[PlyCount "38"]
[EventDate "2020.01.02"]
[EventType "swiss"]
[EventCountry "ESP"]
[SourceTitle "playchess.com"]
[Source "ChessBase"]
[SourceQuality "1"]
[TimeControl "5400+30"]

1. c4 {[%emt 0:00:00]} Nf6 {[%emt 0:00:00]} 2. g3 {[%emt 0:01:22]} g6 {[%emt 0:00:25]} 3. Bg2 {[%emt 0:00:14]} Bg7 {[%emt 0:00:08]} 4. Nc3 {[%emt 0:00:37]} O-O {[%emt 0:00:15]} 5. d4 {[%emt 0:02:27]} c5 {[%emt 0:02:01]} 6. Nf3 {[%emt 0:00:35]} cxd4 {[%emt 0:06:03]} 7. Nxd4 {[%emt 0:00:12]} Nc6 {[%emt 0:00:05]} 8. O-O {[%emt 0:00:11]} Qa5 {[%emt 0:00:02]} 9. Nc2 {[%emt 0:09:49]} d6 {[%emt 0:04:35]} 10. Bd2 {[%emt 0:01:52]} Qh5 {[%emt 0:00:36]} 11. e4 {[%emt 0:00:11]} Ng4 {[%emt 0:11:10]} 12. h3 {[%emt 0:02:18]} Nge5 {[%emt 0:00:04]} 13. g4 {[%emt 0:13:47]} Bxg4 {[%emt 0:02:33]} 14. hxg4 {[%emt 0:00:17]} Nxg4 {[%emt 0:00:04]} 15. Bf4 {[%emt 0:00:31]} Be5 {[%emt 0:00:48]} 16. Qd2 {[%emt 0:14:23]} g5 {[%emt 0:09:46]} 17. Bxe5 {[%emt 0:01:23]} Ncxe5 {[%emt 0:00:07]} 18. Rfe1 {[%emt 0:01:23]} f5 {[%emt 0:04:18]} 19. Ne3 {[%emt 0:03:58]} f4 {[%emt 0:02:07]} 0-1